01377cam a22003014a 4500999001500000001000600015003000900021005001700030008004100047020001800088020001800106040003300124082001900157245009000176250001200266260004400278300004700322504005100369650001500420650002500435700001800460942001200478952011700490952011700607952011700724952011700841952011700958 c5308d530815035BD-DhUAP20201221140757.0201207s2010 ii a b 001 0 eng  a9781416031215 a9788131224915 aDNLM/DLCcDLCdBD-DhUAPbeng00a616.07 ROB22300aRobbins and Cotran pathologic basis of disease /cEdited by Vinay Kumar ... [et al.]. a8th ed. aNew Delhi :bSaunders/Elsevier,cc2010. axiv, 1450 pages :billustrations ;c29 cm. aIncludes bibliographical references and index. 0aPathology. 0aPathology Processes. aKumar, Vinay. 2ddccBK 00102ddc4070aUAPCLbUAPCLcGeneral Stacksd2020-12-07o616.07 ROBp3010015035r2020-12-07t1w2020-12-07yBK 00102ddc4070aUAPCLbUAPCLcGeneral Stacksd2020-12-07o616.07 ROBp3010015032r2020-12-07t2w2020-12-07yBK 00102ddc4070aUAPCLbUAPCLcGeneral Stacksd2020-12-07o616.07 ROBp3010015033r2020-12-07t3w2020-12-07yBK 00102ddc4070aUAPCLbUAPCLcGeneral Stacksd2020-12-07o616.07 ROBp3010015034r2020-12-07t4w2020-12-07yBK 00102ddc4070aUAPCLbUAPCLcGeneral Stacksd2020-12-07o616.07 ROBp3010015031r2020-12-07t5w2020-12-07yBK